000 00413nam a2200181Ia 4500
005 20250603145553.0
008 250603s9999 xx 000 0 und d
020 _a9788189922344
050 _aP 90 .S53/
100 _aSharma, Anshuman
245 0 _aPrinciples of communication
260 _aNew Delhi
260 _bVenus Books
260 _c2014
300 _a281 p
650 _aNew Delhi
942 _cBK
999 _c42237
_d42237